000 00482nam a22001817a 4500
005 20170830124739.0
010 _aENG-120123
020 _c250.00
_a9788184676693
035 _aEN-103655
037 _bDBAD/PUB
082 _a881
100 _aGautam,S.R.
245 _aSelected poems /
_cby Mohd Hanif
260 _aKolkata
_bSonata Prakashan
_c2017
270 _a3,Mahamaya Lane
_bKolkata
_e700026
300 _a64p.
_c22cm(Hb)
942 _2ddc
_cEN
_h881
_mCHA
999 _c143859
_d143859